ਗੱਲਾਂ ਤੇਰੀਆਂ ਤੇ ਕੁਝ ਮੇਰੀਆਂ / (Record no. 109675)
[ view plain ]
| 000 -LEADER | |
|---|---|
| fixed length control field | 00999nam a22002657a 4500 |
| 003 - CONTROL NUMBER IDENTIFIER | |
| control field | dpl |
| 005 - DATE AND TIME OF LATEST TRANSACTION | |
| control field | 20170123164141.0 |
| 008 - FIXED-LENGTH DATA ELEMENTS--GENERAL INFORMATION | |
| fixed length control field | 161215b xxu||||| |||| 00| 0 eng d |
| 010 ## - LIBRARY OF CONGRESS CONTROL NUMBER | |
| LC control number | B-065830 |
| 020 ## - INTERNATIONAL STANDARD BOOK NUMBER | |
| International Standard Book Number | 8175991253 |
| Terms of availability | 125.00 |
| 035 ## - SYSTEM CONTROL NUMBER | |
| System control number | B-065830 |
| 040 ## - CATALOGING SOURCE | |
| Original cataloging agency | DPL |
| Language of cataloging | PN |
| Transcribing agency | tit |
| 082 ## - DEWEY DECIMAL CLASSIFICATION NUMBER | |
| Classification number | 080 |
| Item number | ਸੁਕੀਰ |
| 100 ## - MAIN ENTRY--PERSONAL NAME | |
| Personal name | ਸੁਕੀਰਤ |
| 9 (RLIN) | 500 |
| 245 ## - TITLE STATEMENT | |
| Title | ਗੱਲਾਂ ਤੇਰੀਆਂ ਤੇ ਕੁਝ ਮੇਰੀਆਂ / |
| Statement of responsibility, etc | ਸੁਕੀਰਤ |
| 246 ## - VARYING FORM OF TITLE | |
| Title proper/short title | Gallan kuch terian tey kuch merian |
| Remainder of title | Sukreet |
| 260 ## - PUBLICATION, DISTRIBUTION, ETC. (IMPRINT) | |
| Place of publication, distribution, etc | ਨਵੀਂ ਦਿੱਲੀ |
| Name of publisher, distributor, etc | ਨਵਯੁਗ ਪਬਲਿਸ਼ਰਜ਼ |
| 270 ## - ADDRESS | |
| Address | ਕੇ-24, ਹੌਜ਼ ਖਾਸ, |
| City | ਨਵੀਂ ਦਿੱਲੀ |
| Postal code | 110016 |
| 300 ## - PHYSICAL DESCRIPTION | |
| Extent | 147p. |
| Dimensions | 23cm(Hb) |
| 650 ## - SUBJECT ADDED ENTRY--TOPICAL TERM | |
| Topical term or geographic name as entry element | ਪੰਜਾਬੀ-ਮੁਲਾਕਾਤਾਂ |
| 9 (RLIN) | 15348 |
| 650 ## - SUBJECT ADDED ENTRY--TOPICAL TERM | |
| Topical term or geographic name as entry element | ਪੰਜਾਬੀ ਸਾਹਿਤ |
| 9 (RLIN) | 779 |
| 650 ## - SUBJECT ADDED ENTRY--TOPICAL TERM | |
| Topical term or geographic name as entry element | Punjabi- Meetings |
| 9 (RLIN) | 7017 |
| 650 ## - SUBJECT ADDED ENTRY--TOPICAL TERM | |
| Topical term or geographic name as entry element | Punjabi Literature |
| 9 (RLIN) | 781 |
| 942 ## - ADDED ENTRY ELEMENTS (KOHA) | |
| Source of classification or shelving scheme | Dewey Decimal Classification |
| Koha item type | Punjabi Bks |
| Call number suffix | ਸੁਕੀਰ |
| Classification part | 080 |
| Withdrawn status | Lost status | Damaged status | Not for loan | Home library | Current library | Date acquired | Source of acquisition | Cost, normal purchase price | Total Checkouts | Full call number | Barcode | Date last seen | Copy number | Cost, replacement price | Price effective from | Koha item type |
|---|---|---|---|---|---|---|---|---|---|---|---|---|---|---|---|---|
| Central Library | Central Library | 09/06/2015 | Cen Lib / Ret | 125.00 | 800 | B-065830 | 09/06/2015 | 1 | 125.00 | 15/09/2016 | Punjabi Bks |
